Personnages de Scandal par images - Statistiques

Statistiques générales
  • Ce quiz a été pris 154 fois
  • Le résultat moyen est 10 sur 16
Statistiques - réponses
Par images Réponse % Correct
Olivia Pope
100%
Fitzgerald Grant
87%
Mellie Grant
82%
Jake Ballard
79%
Abby Whelan
76%
Huck Finn
76%
Quinn Perkins
75%
Cyrus Beene
73%
David Rosen
64%
Eli Pope
63%
Charlie
60%
Sally Langston
53%
Harrison Wright
46%
Marcus Walker
43%
James Novak
42%
Stephen Finch
23%
Aucun quiz correspondant
Distribution des résultats
% des personnes avec chaque résultat
Percentile par nombre de réponses
Votre historique - résultats
Vous n’avez pas pris ce quiz